Länder mit oranger Flagge - Statistiken

Allgemein
  • Dieses Quiz wurde 84 mal gespielt
  • Das Durchschnittsergebnis liegt bei 6 aus 10
Answers on the Grid
Answers color-coded by a green-red scale on the quiz's grid according to % correct below.
Armenien
Kosovo
Uganda
Ägypten
Namibia
Ecuador
Bhutan
China
Myanmar
Indien
Irland
Liechtenstein
Elfenbeinküste
Guinea
Zypern
Chile
Aserbaidschan
Afghanistan
Jemen
Marshallinseln
Mauritius
Vatikan
Sambia
Zentralafrikanische Republik
Kolumbien
Honduras
Niger
Sri Lanka
Indonesien
Philippinen
 
Antwortstatistiken
Antwort % Korrekt
Armenien
87%
Irland
73%
Indien
70%
Elfenbeinküste
67%
Bhutan
57%
Niger
55%
Sri Lanka
54%
Zypern
51%
Marshallinseln
31%
Sambia
24%
Keine übereinstimmenden Quizze gefunden
Verteilung der Resultate
Anzahl Personen mit jedem Resultat
Perzentil nach korrekt beantworteten Fragen
Ihre Resultats-Entwicklung
Sie haben dieses Quiz noch nicht gespielt